| 000 | 01464nam a2200325 i 4500 | ||
|---|---|---|---|
| 005 | 20220317001501.0 | ||
| 007 | ta | ||
| 008 | 210806s20142016sp ao br 000 0 spa d | ||
| 020 | _a9788467709155 | ||
| 040 |
_aCO-BoRNBP _bspa _erda _cCO-BoRNBP |
||
| 082 | 0 | 4 |
_a591.68 _bP17a _222 |
| 100 | 1 |
_aParker, Steve _eautor |
|
| 245 | 1 | 0 |
_aAnimales en extinción _cSteve Parker ; traducción Rosa María Herrera |
| 250 | _aPrimera edición | ||
| 264 | 1 |
_aMadrid _bSusaeta _c[2014] _c[2016] |
|
| 300 |
_a32 páginas _bilustraciones y fotografías a color _c27 cm |
||
| 336 |
_atexto _btxt _2rdacontent |
||
| 337 |
_asin mediación _bn _2rdamedia |
||
| 338 |
_avolumen _bnc _2rdacarrier |
||
| 490 | _aS.O.S Planeta tierra | ||
| 500 | _aLa fecha es tomada de la página del ISBN Español: http://www.mcu.es/webISBN/tituloDetalle.do?sidTitul=1832850 | ||
| 505 | _aVida salvaje -- Superpoblación -- Distintos hábitats -- Un gran problema -- S.O.S. vida salvaje -- El alimento -- Contaminación -- ¡Atención! ¡Plagas! -- Animales famosos -- Turistas y mascotas -- En cautividad -- Grandes proyectos -- ¡Ayúdanos! | ||
| 521 | _aRecomendado para un público infantil mayor de 9 años | ||
| 534 | _tChanges in animals habitats | ||
| 650 | 1 | 7 |
_aAnimales en vías de extinción _2ARMARC |
| 650 | 1 | 7 |
_aProtección de la vida salvaje _2ARMARC |
| 650 | 1 | 7 |
_aEspecies en vía de extinción _2ARMARC |
| 700 | 1 |
_aHerrera Merino, Rosa María _etraductora _973981 |
|
| 942 |
_2ddc _cBK |
||
| 999 |
_c7113 _d7113 |
||